| 000 | 00954cam a22002895a 4500 | ||
|---|---|---|---|
| 001 | 17755277 | ||
| 005 | 20201128021340.0 | ||
| 008 | 130529s2013 enka frbd 001 0 eng d | ||
| 020 | _a9780273776208 (alk. paper) | ||
| 040 |
_aDLC _beng _cDLC _dDLC _dEG-ScBUE |
||
| 082 | 0 | 4 |
_a658.5 _bSLA _222 |
| 100 | 1 |
_aSlack, Nigel. _92896 |
|
| 245 | 1 | 0 |
_aOperations management / _cNigel Slack, Alistair Brandon-Jones, Robert Johnston. |
| 250 | _a7th ed. | ||
| 260 |
_aHarlow : _bPearson Education Limited, _c2013. |
||
| 300 |
_axxviii, 733 p. : _bill. (col.) ; _c27 cm. |
||
| 500 | _aGlossary : p. 700-712. | ||
| 500 | _aIndex : p. 713-733. | ||
| 504 | _aBibliography : p. 693-699. | ||
| 650 | 7 |
_aProduction management. _2BUEsh _91855 |
|
| 650 | 7 |
_aIndustrial management. _2BUEsh _91569 |
|
| 651 | _2BUEsh | ||
| 653 |
_bBUSADM _cJune2015 _cSeptember2015 |
||
| 700 | 1 | _aBrandon-Jones, Alistair. | |
| 700 | 1 |
_aJohnston, Robert, _d1953- |
|
| 942 |
_2ddc _k658.5 SLA |
||
| 999 |
_c19920 _d19892 |
||